Introducción al derecho / (Registro nro. 7400)
[ vista simple ]
| 000 -CABECERA | |
|---|---|
| Longitud fija campo de control | 00815nam a2200205Ia 4500 |
| 008 - • CÓDIGOS DE INFORMACIÓN DE LONGITUD FIJA | |
| Códigos de información de longitud fija | 161108s9999 xx 000 0 und d |
| 020 ## - • NÚMERO INTERNACIONAL NORMALIZADO PARA LIBROS | |
| Número Internacional Normalizado para Libros (ISBN) | 9789583510410 |
| 082 ## - • NÚMERO DE LA CLASIFICACIÓN DECIMAL DEWEY | |
| Número de clasificación (R) | 340.1 M65i |
| 040 ## - FUENTE DE LA CATALOGACIÓN | |
| Centro catalogador de origen | CO-BoRNBP |
| Lengua de catalogación | spa |
| Normas de descripción | rda |
| Centro transcriptor | CO-BoRNBP |
| 100 ## - • PUNTO DE ACCESO PRINCIPAL-NOMBRE DE PERSONA | |
| Nombre de persona | Monroy Cabra, Marco Gerardo, 1940- |
| 245 ## - • TITULO PROPIAMENTE DICHO | |
| Título | Introducción al derecho / |
| Mención de responsabilidad, etc. | Marco Gerardo Monroy Cabra |
| 250 ## - • MENCIÓN DE EDICIÓN | |
| Mención de edición | Decimosexta edición |
| 264 ## - PRODUCCIÓN, PUBLICACIÓN , DISTRIBUCIÓN, FABRICACIÓN Y COPYRIGHT | |
| Lugar de producción, publicación, distribución, fabricación | Bogotá : |
| Nombre del productor, editor, distribuidor, fabricante | Temis |
| 300 ## - • DESCRIPCIÓN FÍSICA | |
| Extensión | xxvi, 712 páginas ; |
| Dimensiones | 24 cm |
| 336 ## - TIPO DE CONTENIDO | |
| Término de tipo de contenido | texto |
| Código de tipo de contenido | txt |
| Fuente | rdacontent |
| 337 ## - TIPO DE MEDIO | |
| Nombre del tipo de medio | sin mediación |
| Código del tipo de medio | n |
| Fuente | rdamedia |
| 338 ## - TIPO DE SOPORTE | |
| Nombre del tipo de soporte | volumen |
| Código del tipo de soporte | nc |
| Fuente | rdacarrier |
| 500 ## - • NOTA GENERAL | |
| Nota general | Incluye notas, bibliografía e índice de materias, autores y disposiciones |
| 650 ## - • PUNTO DE ACCESO ADICIONAL DE MATERIA - TÉRMINO DE MATERIA | |
| Término de materia o nombre geográfico como elemento inicial | Teoria Del Derecho / Derecho / Derecho - Clasificacion / Jurisprudencia / Contratos - Legislacion - Colombia / Derecho Consuetudinario |
No hay ítems disponibles.